[Event "Prague Menchik Memorial Rapid"]
[Site "Prague"]
[Date "2021.09.28"]
[Round "2"]
[White "Vit, Zdenek"]
[Black "Jirasek, Jiri"]
[Result "1-0"]
[WhiteElo "1728"]
[BlackElo "1884"]
[PlyCount "59"]
[EventDate "2021.09.28"]
[EventType "swiss (rapid)"]
[EventRounds "9"]
[EventCountry "CZE"]
[SourceTitle "CBM 204 Extra"]
[Source "ChessBase"]
[SourceDate "2021.11.30"]
[SourceVersion "1"]
[SourceVersionDate "2021.11.30"]
[SourceQuality "1"]

1. e4 e5 2. Nf3 Nf6 3. Nxe5 d6 4. Nf3 Nxe4 5. d4 d5 6. Bd3 Nc6 7. h3 Be7 8. 0-0 0-0 9. c4 Bf5 10. Re1 Bg6 11. Nc3 Nxc3 12. bxc3 Re8 13. Bf4 Rc8 14. c5 Na5 15. Bb5 c6 16. Bd3 Bf6 17. Rxe8+ Qxe8 18. Ne5 b5 19. Bxg6 hxg6 20. a4 Bxe5 21. Bxe5 Nc4 22. Bf4 Nb2 23. Qd2 Nxa4 24. Re1 Qd7 25. Qe3 a5 26. Bd6 Qf5 27. g4 Qe4 28. Qd2 Qf3 29. Re3 Qf6 30. Be7 1-0

[Event "Klatovy op-B 24th"]
[Site "Klatovy"]
[Date "2018.07.06"]
[Round "7"]
[White "Jirasek, Jiri"]
[Black "Sova, Zdenek"]
[Result "1/2-1/2"]
[WhiteElo "1903"]
[BlackElo "1682"]
[PlyCount "66"]
[EventDate "2018.06.30"]
[EventType "swiss"]
[EventRounds "9"]
[EventCountry "CZE"]
[SourceTitle "EXT 2019"]
[Source "ChessBase"]
[SourceDate "2018.10.10"]
[SourceVersion "1"]
[SourceVersionDate "2018.10.10"]
[SourceQuality "1"]

1. d4 d5 2. c4 Nf6 3. Nf3 e6 4. Nc3 b6 5. cxd5 Nxd5 6. e4 Nxc3 7. bxc3 Bb7 8. Bd3 Be7 9. 0-0 0-0 10. Re1 c5 11. Bb2 Ba6 12. Bb1 c4 13. e5 Bb7 14. a4 Bd5 15. Bc1 Nc6 16. Qc2 g6 17. Bh6 Re8 18. Qe2 Rc8 19. Nd2 Bg5 20. Bxg5 Qxg5 21. Be4 Ne7 22. Rf1 Nf5 23. f4 Qd8 24. g4 Ne7 25. Rf3 Rf8 26. g5 Nf5 27. Rh3 Kg7 28. Rf3 Kh8 29. Rf2 Qd7 30. Bxd5 exd5 31. Nf3 Qe6 32. Rff1 Nd6 33. Nd2 Nf5 1/2-1/2

[Event "Klatovy op-B 23rd"]
[Site "Klatovy"]
[Date "2017.07.04"]
[Round "4"]
[White "Jirasek, Jiri"]
[Black "Parpel, Petr"]
[Result "1-0"]
[WhiteElo "1874"]
[BlackElo "1758"]
[PlyCount "87"]
[EventDate "2017.07.01"]
[EventType "swiss"]
[EventRounds "9"]
[EventCountry "CZE"]
[SourceTitle "EXT 2018"]
[Source "ChessBase"]
[SourceDate "2017.10.13"]
[SourceVersion "1"]
[SourceVersionDate "2017.10.13"]
[SourceQuality "1"]

1. d4 Nf6 2. c4 g6 3. Nc3 Bg7 4. e4 d6 5. f3 0-0 6. Be3 Re8 7. Qd2 e5 8. d5 Nbd7 9. g4 a5 10. Nge2 Nc5 11. 0-0-0 b6 12. Ng3 a4 13. h4 a3 14. Kb1 axb2 15. Qxb2 Na4 16. Nxa4 Rxa4 17. Rc1 Bd7 18. Be2 Qa8 19. Bd1 Ra6 20. h5 Qb7 21. g5 Rea8 22. gxf6 Rxa2 23. Qxa2 Rxa2 24. Kxa2 Bxf6 25. hxg6 fxg6 26. Bb3 c5 27. dxc6 Bxc6 28. c5+ d5 29. Rhd1 bxc5 30. Rxc5 Kg7 31. exd5 Qa7+ 32. Kb2 e4+ 33. Kc2 Ba4 34. Nxe4 Bxb3+ 35. Kxb3 Qb6+ 36. Kc2 Qb2+ 37. Kd3 h5 38. Rc7+ Kf8 39. Nxf6 Qxf6 40. Ke2 h4 41. d6 h3 42. d7 h2 43. d8Q+ Qxd8 44. Rxd8# 1-0

[Event "Klatovy op-B 22nd"]
[Site "Klatovy"]
[Date "2016.07.09"]
[Round "8"]
[White "Jirasek, Jiri"]
[Black "Cizek, Ondrej"]
[Result "1-0"]
[WhiteElo "1881"]
[BlackElo "1826"]
[PlyCount "77"]
[EventDate "2016.07.02"]
[EventType "swiss"]
[EventRounds "9"]
[EventCountry "CZE"]
[SourceTitle "EXT 2019"]
[Source "ChessBase"]
[SourceDate "2018.10.10"]
[SourceVersion "1"]
[SourceVersionDate "2018.10.10"]
[SourceQuality "1"]

1. d4 d5 2. c4 e6 3. Nc3 Nf6 4. Nf3 Bb4 5. Bd2 c5 6. a3 Bxc3 7. Bxc3 b6 8. dxc5 bxc5 9. cxd5 exd5 10. Bxf6 gxf6 11. g3 Be6 12. Bg2 Qa5+ 13. Nd2 Nd7 14. 0-0 Rb8 15. b3 Qc7 16. e4 d4 17. f4 Nb6 18. Rc1 Qd6 19. a4 a5 20. Qh5 Rc8 21. e5 fxe5 22. Ne4 Qf8 23. fxe5 Rc7 24. Rf6 Kd8 25. Ng5 Qe7 26. Rcf1 Kc8 27. Nxf7 Bxf7 28. Rxf7 Qe8 29. e6 Kb8 30. Rxc7 Qxh5 31. Rb7+ Kc8 32. Rxb6 Qe5 33. Ra6 Qe3+ 34. Kh1 Rd8 35. Ra8+ Kc7 36. Rf7+ Kd6 37. Rxd8+ Ke5 38. e7 Ke6 39. e8Q# 1-0

[Event "Klatovy op-B"]
[Site "Klatovy"]
[Date "2013.07.04"]
[Round "6"]
[White "Jirasek, Jiri"]
[Black "Kovar, Vaclav"]
[Result "1-0"]
[WhiteElo "1970"]
[BlackElo "1770"]
[PlyCount "63"]
[EventDate "2013.06.29"]
[EventType "swiss"]
[EventRounds "9"]
[EventCountry "CZE"]
[SourceTitle "EXT 2014"]
[Source "ChessBase"]
[SourceDate "2013.11.20"]
[SourceVersion "1"]
[SourceVersionDate "2013.11.20"]
[SourceQuality "1"]

1. d4 d5 2. c4 e6 3. Nc3 Nf6 4. Nf3 c5 5. cxd5 Nxd5 6. e3 Nc6 7. Bb5 Nxc3 8. bxc3 Bd7 9. 0-0 cxd4 10. cxd4 Be7 11. a4 a6 12. Bd3 0-0 13. e4 Rc8 14. d5 Nb4 15. Bb1 Qc7 16. Bb2 exd5 17. exd5 Qd6 18. Re1 Bf6 19. Bxf6 Qxf6 20. Ra3 Bf5 21. Bxf5 Qxf5 22. Re5 Qf4 23. Rae3 a5 24. d6 Qc4 25. Rxa5 Nc6 26. Ne5 Qb4 27. Rb5 Qf4 28. g3 Qh6 29. d7 Rcd8 30. Rxb7 Nxe5 31. Rxe5 Qc6 32. Reb5 1-0

[Event "Klatovy op-B"]
[Site "Klatovy"]
[Date "2013.07.01"]
[Round "3"]
[White "Slovak, Kilian"]
[Black "Jirasek, Jiri"]
[Result "1-0"]
[WhiteElo "1735"]
[BlackElo "1970"]
[PlyCount "73"]
[EventDate "2013.06.29"]
[EventType "swiss"]
[EventRounds "9"]
[EventCountry "CZE"]
[SourceTitle "EXT 2014"]
[Source "ChessBase"]
[SourceDate "2013.11.20"]
[SourceVersion "1"]
[SourceVersionDate "2013.11.20"]
[SourceQuality "1"]

1. c4 Nf6 2. g3 d5 3. cxd5 Nxd5 4. Bg2 c6 5. Nf3 g6 6. 0-0 Bg7 7. d4 0-0 8. e4 Nf6 9. Nc3 Na6 10. h3 Nc7 11. Be3 h6 12. Rb1 Kh7 13. Qc2 Be6 14. Rfd1 Bc4 15. Ne5 Ba6 16. f4 Qe8 17. Kh2 Nd7 18. Nxd7 Qxd7 19. Na4 b6 20. Rbc1 Bb7 21. d5 c5 22. b4 c4 23. Bxb6 axb6 24. Nxb6 Qb5 25. Nxa8 Rxa8 26. Qxc4 Qxc4 27. Rxc4 Nb5 28. Rd2 Ra3 29. e5 Ba6 30. Rc6 Nc3 31. d6 exd6 32. exd6 Bf6 33. d7 Bd8 34. Rc8 Be7 35. Ra8 Nxa2 36. b5 Bxb5 37. Rxa3 1-0

[Event "Teplice op 8th"]
[Site "Teplice"]
[Date "2013.06.15"]
[Round "1"]
[White "Jirasek, Jiri"]
[Black "Teske, Henrik"]
[Result "0-1"]
[WhiteElo "1982"]
[BlackElo "2514"]
[PlyCount "30"]
[EventDate "2013.06.15"]
[EventType "swiss"]
[EventRounds "9"]
[EventCountry "CZE"]
[SourceTitle "CBM 155 Extra"]
[Source "ChessBase"]
[SourceDate "2013.08.26"]
[SourceVersion "1"]
[SourceVersionDate "2013.08.26"]
[SourceQuality "1"]

1. d4 Nf6 2. c4 c5 3. Nf3 cxd4 4. Nxd4 e5 5. Nc2 d5 6. e3 Nc6 7. Nc3 d4 8. exd4 exd4 9. Nb5 Bc5 10. Bd3 a6 11. Nba3 Qe7+ 12. Qe2 Ne5 13. 0-0 Bg4 14. f3 Bf5 15. Ne1 Nxd3 0-1

[Event "Teplice op 7th"]
[Site "Teplice"]
[Date "2012.06.19"]
[Round "4"]
[White "Jirasek, Jiri"]
[Black "Divis, Jiri"]
[Result "1-0"]
[WhiteElo "1948"]
[BlackElo "1696"]
[PlyCount "93"]
[EventDate "2012.06.16"]
[EventType "swiss"]
[EventRounds "9"]
[EventCountry "CZE"]
[SourceTitle "CBM 149 Extra"]
[Source "ChessBase"]
[SourceDate "2012.08.24"]
[SourceVersion "1"]
[SourceVersionDate "2012.08.24"]
[SourceQuality "1"]

1. d4 Nf6 2. c4 e6 3. Nf3 d5 4. Nc3 Be7 5. e3 0-0 6. Bd3 b6 7. cxd5 Nxd5 8. Qe2 Bb7 9. 0-0 Nxc3 10. bxc3 Nd7 11. Rd1 Nf6 12. e4 c5 13. Bb2 Qc7 14. Ne5 Bd6 15. f4 Rac8 16. g3 b5 17. a4 c4 18. Bc2 a6 19. axb5 axb5 20. Ng4 Nd7 21. Ne3 Ra8 22. f5 exf5 23. Nxf5 g6 24. Nxd6 Qxd6 25. Rxa8 Rxa8 26. Bc1 Ra2 27. Rf1 Qe6 28. Rf2 Ra1 29. Rf1 Nf6 30. e5 Nd7 31. Be4 Bd5 32. Bf4 Rxf1+ 33. Kxf1 Bxe4 34. Qxe4 Nf6 35. Qa8+ Qe8 36. Qf3 Nh5 37. d5 Ng7 38. Qe4 Qd7 39. Kg2 Nf5 40. Bg5 h6 41. Bd2 Ne7 42. d6 Qc6 43. Kf3 Qxe4+ 44. Kxe4 Nc6 45. Kd5 Nd8 46. Bxh6 Ne6 47. d7 1-0

[Event "Teplice op 7th"]
[Site "Teplice"]
[Date "2012.06.18"]
[Round "3"]
[White "Mukashev, Assan"]
[Black "Jirasek, Jiri"]
[Result "1-0"]
[WhiteElo "2172"]
[BlackElo "1948"]
[PlyCount "79"]
[EventDate "2012.06.16"]
[EventType "swiss"]
[EventRounds "9"]
[EventCountry "CZE"]
[SourceTitle "CBM 149 Extra"]
[Source "ChessBase"]
[SourceDate "2012.08.24"]
[SourceVersion "1"]
[SourceVersionDate "2012.08.24"]
[SourceQuality "1"]

1. d4 Nf6 2. Nf3 e6 3. c4 c5 4. d5 exd5 5. cxd5 d6 6. Nc3 g6 7. h3 Bg7 8. Qa4+ Nbd7 9. Bf4 0-0 10. Rd1 Nb6 11. Qb3 Nh5 12. Bh2 f5 13. e3 f4 14. Be2 fxe3 15. fxe3 Rxf3 16. Bxf3 Qh4+ 17. Kd2 Nc4+ 18. Ke2 Ne5 19. Qa4 Nxf3 20. gxf3 Qxh3 21. Rdg1 Bd7 22. Qe4 Bf5 23. Qc4 Bd7 24. Bxd6 Qf5 25. Qd3 Qf7 26. Rxh5 gxh5 27. Be5 Bf5 28. Rxg7+ Qxg7 29. Qxf5 Qg2+ 30. Kd1 Rf8 31. Qe6+ Rf7 32. d6 Qxf3+ 33. Kc2 Qc6 34. Nd5 Kf8 35. Nf6 Qa4+ 36. Kd2 Qa5+ 37. Bc3 Qd8 38. d7 Kg7 39. Nxh7+ Kg8 40. Qg6+ 1-0